000 00862nam a2200241 a 4500
003 DO-SdBNP
005 20240704114906.0
007 ta
008 190807s1991 000 spa d
040 _aDO-SdBNP
_bspa
_cBNPHU
082 4 _222
100 1 _aFernández Rodríguez, Aura Celeste,
_d1959-
_976547
245 1 4 _aLas controversias en el derecho internacional contemporáneo :
_bestudio del diferendo Nicaragua-Estados Unidos de América /
_cAura Celeste Fernández
260 _aSanto Domingo :
_bPUCMM,
_c1991.
300 _a99 p. ;
_c23 cm.
490 1 _aMonografías de derecho internacional
490 1 _aCátedras
500 _aIncluye referencias bibliográficas y notas al pie de las páginas
590 _aInventariado, 2022/BT
830 0 _aMonografías de derecho internacional
_981953
830 0 _aCátedras
_936973
942 _2ddc
_cLBS1
999 _c48749
_d48749